Statistics for YY's General Knowledge - Multiple Choice #3

Click here to take the quiz!

General Stats

  • This quiz has been taken 651 times
  • The average score is 7 of 15

Answer Stats

QuestionAnswer% Correct
What is the main ingredient in a "Black Pudding" ?Pigs Blood
83%
CPT is the code for which International airport ?Cape Town
82%
Which vehicle manufacturer produces the "Sportage" model ?Kia
69%
Edward John Smith was born in 1850 in Hanley, Staffordshire, UK. What was his claim to fame ?Captain of the Titanic
66%
In 2017, which UK museum had the most visitors ?British Museum
59%
Camp Nou is the home stadium of which European Football (Soccer) Club ?Barcelona
58%
Which composer is famous for his "Ring Cycle" operas ?Richard Wagner
55%
A Capybara has what type of diet ?Herbivore
52%
The Laccadive (or Lakshadweep) Sea is considered part of which Ocean ?Indian
52%
What is the name of the luxury train than runs between Pretoria and Cape Town ?Blue Train
48%
Deva was the Roman name for which British city ?Chester
31%
What is the name given to the starting system in Drag Racing ?Christmas Tree
31%
The First Class had a "one hit wonder" with which song ?Beach Baby
26%
Which is the only State Capital with more than 1,000,000 inhabitants (city not metro area) ?Phoenix, AZ
20%
Pelee Island is the largest in which of the Great Lakes ?Lake Erie
15%

Score Distribution

Percentile by Number Answered

Percent of People with Each Score

Your Score History

You have not taken this quiz